[Event "Czechia KP-chTA 0607"]
[Site "Czech Republic"]
[Date "2007.03.04"]
[Round "9.7"]
[White "Prasek, Vladimir"]
[Black "Kliment, Jiri"]
[Result "0-1"]
[WhiteElo "1685"]
[BlackElo "1602"]
[PlyCount "94"]
[EventDate "2006.10.29"]
[EventType "team"]
[EventRounds "11"]
[EventCountry "CZE"]
[SourceTitle "EXT 2008"]
[Source "ChessBase"]
[SourceDate "2007.11.25"]
[SourceVersion "1"]
[SourceVersionDate "2007.11.25"]
[SourceQuality "1"]
[WhiteTeam "Zebrak"]
[BlackTeam "Tisice"]
[WhiteTeamCountry "CZE"]
[BlackTeamCountry "CZE"]

1. d4 d5 2. c4 c6 3. Nf3 Nf6 4. Nc3 dxc4 5. a4 Bf5 6. e3 e6 7. Bxc4 Nbd7 8. 0-0 Qc7 9. h3 h6 10. Bd3 Bxd3 11. Qxd3 Be7 12. b3 0-0 13. e4 Rad8 14. Qb1 Bb4 15. Bb2 Qa5 16. Ne2 Rfe8 17. Ng3 Nh5 18. Nxh5 Qxh5 19. Qc2 f6 20. Rfd1 Nf8 21. Bc3 Bxc3 22. Qxc3 Ng6 23. Qe3 Ne7 24. Rac1 Qf7 25. Rd2 Rd7 26. Rcd1 Red8 27. e5 Nd5 28. Qe1 f5 29. Rc2 Qg6 30. Qd2 a6 31. Kh1 Qh5 32. Nh2 Rf7 33. Rf1 g5 34. Rcc1 Kh7 35. Qd1 Qg6 36. g4 Nf4 37. gxf5 Rxf5 38. Ng4 Nxh3 39. Nf6+ Kg7 40. Qd2 Rf4 41. Qe3 Rh4 42. Kg2 Rdxd4 43. Rfd1 Rd3 44. Rxd3 Qxd3 45. Qb6 Nf4+ 46. Kg1 Rh1+ 47. Kxh1 Qh3+ 0-1

[Event "Czechia KP-chTA 0607"]
[Site "Czech Republic"]
[Date "2006.11.12"]
[Round "2.8"]
[White "Stufka, Karel"]
[Black "Kliment, Jiri"]
[Result "0-1"]
[WhiteElo "1722"]
[BlackElo "1602"]
[PlyCount "101"]
[EventDate "2006.10.29"]
[EventType "team"]
[EventRounds "11"]
[EventCountry "CZE"]
[SourceTitle "EXT 2008"]
[Source "ChessBase"]
[SourceDate "2007.11.25"]
[SourceVersion "1"]
[SourceVersionDate "2007.11.25"]
[SourceQuality "1"]
[WhiteTeam "Pribram II"]
[BlackTeam "Tisice"]
[WhiteTeamCountry "CZE"]
[BlackTeamCountry "CZE"]

1. e4 e5 2. Nf3 Nc6 3. Bb5 a6 4. Ba4 Nf6 5. 0-0 d6 6. d4 b5 7. Bb3 Bg4 8. dxe5 Nxe5 9. Nbd2 Be7 10. Qe2 0-0 11. Qe3 Nfd7 12. Nxe5 dxe5 13. Qg3 Bh5 14. Nf3 Bxf3 15. Qxf3 c6 16. Be3 Qc7 17. Rfd1 Nf6 18. Bg5 h6 19. Be3 Rad8 20. c3 c5 21. Bc2 Rd6 22. Rxd6 Bxd6 23. Qg3 Kh8 24. Rd1 Nh7 25. Qg4 Nf6 26. Qf5 Nh7 27. g3 f6 28. Qg6 Ng5 29. h4 Nf7 30. Rd2 Qe7 31. Bd1 Kg8 32. Bh5 c4 33. Qg4 f5 34. exf5 Qf6 35. Qg6 Nh8 36. Qg4 Be7 37. Rd7 Rd8 38. Qd1 Nf7 39. Qd5 Rxd7 40. Bxf7+ Qxf7 41. Qxd7 Qf6 42. Kg2 Qd6 43. Qxd6 Bxd6 44. Kf3 Kf7 45. Ke4 Kf6 46. g4 a5 47. g5+ hxg5 48. hxg5+ Kf7 49. Kd5 Ke7 50. Bc5 Bxc5 51. Kxc5 0-1